Online Catalogue and eLibrary

Poor women and health in Bangladesh : (Record no. 3038)

MARC details
000 -LEADER
fixed length control field 00481nam a2200181Ia 4500
005 - DATE AND TIME OF LATEST TRANSACTION
control field 20240822014551.0
008 - FIXED-LENGTH DATA ELEMENTS--GENERAL INFORMATION
fixed length control field 240331s9999 xx 000 0 und d
082 ## - DDC Classification
Item Number - Author Mark JOR
Class No. 612.6
100 ## - MAIN ENTRY--PERSONAL NAME
Personal name Jorgensen,V
245 #0 - TITLE STATEMENT
Title Poor women and health in Bangladesh :
Remainder of title pregnancy and health
260 ## - PUBLICATION, DISTRIBUTION, ETC.
Place of publication, distribution, etc. Stockholm
Name of publisher, distributor, etc. Swedish International Development Authority
Date of publication, distribution, etc. 1983
300 ## - PHYSICAL DESCRIPTION
Extent (e.g. Volumes, Pages etc.) 101 p .,
650 ## - SUBJECT ADDED ENTRY--TOPICAL TERM
Topical term or geographic name entry element Society
650 ## - SUBJECT ADDED ENTRY--TOPICAL TERM
Topical term or geographic name entry element Economic
650 ## - SUBJECT ADDED ENTRY--TOPICAL TERM
Topical term or geographic name entry element Women
650 ## - SUBJECT ADDED ENTRY--TOPICAL TERM
Topical term or geographic name entry element Health
942 ## - Koha item type (Biblio)
Koha item type Books in Stacks (Lending)
Holdings
Lost status Damaged status Collection code Home library Current library Shelving location Date acquired Full call number Accession Number Item type
    Lending WERC Library WERC Library Social Science Cupboard 03/31/2024 612.6 JOR 31 Books in Stacks (Lending)

© WERC Library